Responses for Show #3136 - Monday, March 30, 1998

Contestants

[<< previous game]

Kim Lynn, a program manager from Warner Robins, Georgia

Ken Costa, a newspaper editor from San Mateo, California

Bradley Goodwill, an actor from New York City, New York (whose 1-day cash winnings total $15,000)

[next game >>]

Jeopardy! Round responses

THE FOUR SEASONS
VALLEYS
SHERRY
DECEMBER 1963
"WALK"
LIKE A MAN
    $100 11
the fall

Bradley
    $100 12
California

Bradley
    $100 21
grapes

Bradley
    $100 3
(Ken: Who is Kennedy?)

LBJ

KenKim
    $100 1
walking the plank

Bradley
    $100 23
DNA

Bradley
    $200 17
winter, spring, summer, or fall

Kim
    $200 13
(Ken: Who is Kipling?)
..
(Alex: "All into the Valley--in the Valley of Death rode the 600.")

Alfred, Lord Tennyson

Ken
Triple Stumper
    $200 22
fortified

Ken
    $200 7
smoking

Bradley
    $200 2
a walkie-talkie

Ken
    $200 27
footprints

Triple Stumper
    $300 18
the good old summertime

Kim
    $300 14
the Red River Valley

Kim
    $300 24
yeast

Kim
    $500 8
(Bradley: Uh, what is "Sherry"?)
(Alex: No, that was their big hit, of course.)

"Dawn"

Bradley
    $300 4
"Walk Like An Egyptian"

Ken
    $300 28
[The end-of-round signal sounds.]

Peking Man

Ken
    $400 19
(Ken: What is winter?)

the fall

Ken
Triple Stumper
    $400 15
the Great Rift Valley

Triple Stumper
    $400 25
a butt

Bradley
    $400 9
(Bradly: Uh, who is Daniel Moi?)

(Jomo) Kenyatta

BradleyKim
    $400 5
your walking papers

Ken
    $500 20
Summer Wishes, Winter Dreams

Triple Stumper
    $500 16
(Ken: What is the Ruhr River Valley?)
(Bradley: What is the Vistula?)

the Oder

BradleyKen
Triple Stumper
    $500 26
Harveys

Bradley
    $500 10
(Kim: Who is Lou Holtz?)
...
(Alex: Yes, we're going back to 1963.)

Ara Parseghian

KenKim
    $500 6
the walking catfish

Kim

Scores at the first commercial break (after clue 13):

Bradley Ken Kim
-$400 $1,100 $500

Scores at the end of the Jeopardy! Round:

Bradley Ken Kim
$200 $700 $1,600

Double Jeopardy! Round responses

19th CENTURY LIT
CLOTHES MAKE THE PERSON
BIBLICAL ZOO
HOCKEY
"LO" MEN
THE TOTEM POLE
    $200 1
Rio

Ken
    $200 7
collars

Bradley
    $200 12
a bear

Bradley
    $200 2
the Islanders

Bradley
    $200 16
Lyle Lovett

Bradley
    $200 26
the Pacific

Bradley
    $400 3
Horatio Alger

Bradley
    $400 21
a gumshoe

Ken
    $400 13
peacocks

Ken
    $400 8
a goalie

Ken
    $400 17
(Bradley: Who is Lowe?)
[Originally accepted as correct; score corrected before the first Daily Double at clue 25]

(Richard) Loeb

Bradley
Triple Stumper
    $400 27
cedar

Bradley
    $600 4
Kierkegaard

Bradley
    $600 22
sweater girl

Ken
    $600 14
camels

Bradley
    $600 9
a slapshot

Bradley
    $600 18
(Bradley: Uh, who is Marlowe?)

Peter Lorre

BradleyKen
    $600 28
the beak

Kim
    $800 5
a train

Bradley
    $800 23
(Alex: You run into a lot of them here on the lot--they are called [*].)

the suits

Triple Stumper
    $800 15
eat it

Ken
    $800 10
the Bruins

Ken
    $800 19
Lorenzo

Bradley
    $1,200 29
the beaver

Kim
    $1000 6
the burning deck

Kim
    $1000 24
a redshirt

Kim
    $1000 20
locusts

Bradley
    $1000 11
a hat trick

Bradley
    $2,000 25
(Nicholas) Longworth

Kim
    $1000 30
families

Kim

Scores at the end of the Double Jeopardy! Round:

Bradley Ken Kim
$6,400 $4,900 $8,400

[wagering suggestions for these scores]

Final Jeopardy! Round responses

WORD ORIGINS
(Alex: [To Kim] And it sounds so simple when you hear it, doesn't it?)
KenWhat is ?
$3,800
BradleyWhat is a restaurant?
$6,400
KimWhat is a
$4,401
a restaurant

Final scores:

Bradley Ken Kim
$12,800 $1,100 $3,999
2-day champion: $27,800 3rd place: assorted CDs from Warner Brothers 2nd place: a week-long trip to Jamaica at Beaches on Air Jamaica

Game dynamics:

Coryat scores:

Bradley Ken Kim
$6,900 $4,900 $7,000
22 R,
5 W
(including 1 DD)
14 R,
4 W
13 R
(including 2 DDs),
1 W

Combined Coryat: $18,800

[game clues] [game scores] [suggest correction]

Game tape date: Unknown
The J! Archive is created by fans, for fans. Scraping, republication, monetization, and malicious use prohibited; this site may use cookies and collect identifying information. See terms. The Jeopardy! game show and all elements thereof, including but not limited to copyright and trademark thereto, are the property of Jeopardy Productions, Inc. and are protected under law. This website is not affiliated with, sponsored by, or operated by Jeopardy Productions, Inc. Join the discussion at JBoard.tv.